00738 a2200385 4500000002100000001000700021005001700028008004100045010000500086020000500091082002100096100001800117110000500135245006600140250000500206260003200211300001000243490000700253500000500260600000500265610000500270611000500275630000500280650000500285651000500290654000500295700000900300710000900309711000500318720000500323730000500328740000500333752000500338856000900343BKB 07076220200902150859.0  a a a628.501543bD34E1 aDean, John R. a1 aExtraction techniques in analytical sciencescby John R. Dean a aUKbJohn Wiley & Sonsc2009 a281p. av a a a a a a a a abc abc a a a a a adf